000 00503nam a2200193Ia 4500
003 OSt
005 20250624162847.0
008 210210b1989 xxu||||| |||| 00| 0 eng d
040 _cAL
041 _aKannada
082 _aK894.208 ENKS
100 _aENKE
_d ಎನ್ಕೆ
_9215961
245 _aSarakari aliyatana
_bಸರಕಾರಿ ಅಳಿಯತನ
260 _aDharavada
_bSamaja Pustakalaya
_c1989
300 _a48
690 _aKannada Drama
_9215962
906 _a043295
942 _2ddc
_cBK
999 _c93062
_d93062